|
|
|
|
| LEADER |
00000cam a2200000 a 4500 |
| 001 |
1/117751 |
| 008 |
190107s1997####gr | ||| |||| ||gre|| |
| 020 |
|
|
|a 9609066100
|q (τ. 1)
|
| 020 |
|
|
|a 9609066119
|q (τ. 2)
|
| 040 |
|
|
|a GR-MyUa
|b gre
|c GR-MyUa
|e AACR2
|
| 041 |
0 |
|
|a gre
|
| 082 |
7 |
|
|a 510.9
|2 (23)
|
| 100 |
1 |
|
|a Εξαρχάκος, Θεόδωρος Γ.
|
| 245 |
1 |
0 |
|a Ιστορία των μαθηματικών /
|c Θεόδωρος Γ. Εξαρχάκος.
|
| 260 |
|
|
|a Αθήνα :
|b [χ.ό.],
|c 1997.
|
| 300 |
|
|
|a 2 τ. :
|b πίν., σχέδια ;
|c 24 εκ.
|
| 504 |
|
|
|a Περιλαμβάνει βιβλιογραφικές παραπομπές και ευρετήριο.
|
| 505 |
8 |
|
|a Τ. 1. Τα μαθηματικά των Βαβυλωνίων και των Αρχαίων Αιγυπτίων -- τ. 2. Τα μαθηματικά των Ινδών και των Κινέζων.
|
| 650 |
|
0 |
|a Mathematics
|x History.
|
| 650 |
|
0 |
|a Mathematics, Egyptian.
|
| 650 |
|
0 |
|a Mathematics
|z China
|x History.
|
| 650 |
|
0 |
|a Mathematics
|z India
|x History.
|
| 650 |
|
0 |
|a Mathematics
|x Babylonian
|x History.
|
| 740 |
3 |
|
|a Τα μαθηματικά των Βαβυλωνίων και των Αρχαίων Αιγυπτίων.
|
| 740 |
3 |
|
|a Τα μαθηματικά των Ινδών και των Κινέζων.
|
| 852 |
|
|
|a INST
|b RHODES
|e 20190107
|h 510.9 ΕΞΑ
|p 005400040374
|q 005400040374
|t BK
|v τομ.1:
|y 0
|
| 852 |
|
|
|a INST
|b RHODES
|e 20190930
|h 510.9 ΕΞΑ
|p 005400041160
|q 005400041160
|t BK
|v τομ.2:
|y 0
|
| 852 |
|
|
|a INST
|b SAMOS
|e 20200910
|h 510.9 ΕΞΑ
|p 005300046732
|q 005300046732
|t BK
|v τομ.2:
|y 0
|
| 852 |
|
|
|a INST
|b SAMOS
|e 20200910
|h 510.9 ΕΞΑ
|p 005300046733
|q 005300046733
|t BK
|v τομ.1:
|y 0
|
| 853 |
|
|
|a INST
|b RHODES
|h 510.9 ΕΞΑ
|
| 853 |
|
|
|a INST
|b SAMOS
|h 510.9 ΕΞΑ
|
| 970 |
|
|
|z 07-01-2019
|